Bordeaux Champions League XIs - Statistics

General Stats
  • This quiz has been taken 127 times
  • The average score is 8 of 30
Answer Stats
Answer % Correct
Yoann Gourcuff
78%
Marouane Chamakh
68%
Cédric Carrasso
56%
Ulrich Ramé
52%
Benoît Trémoulinas
51%
Marc Planus
51%
Alou Diarra
49%
Yoan Gouffran
39%
Jaroslav Plašil
38%
Mathieu Chalmé
38%
Sylvain Wiltord
37%
Souleymane Diawara
32%
Johan Micoud
30%
Michaël Ciani
30%
Franck Jurietti
28%
Lilian Laslandes
23%
Jean-Claude Darcheville
22%
Fernando Menegazzo
19%
Julien Faubert
13%
Rio Mavuba
13%
David Jemmali
11%
Lassina Diabaté
8%
Corentin Martins
6%
François Grenet
6%
Kodjo Afanou
6%
Michel Pavon
6%
Wendel Geraldo
6%
Jérôme Bonnissel
5%
Florian Marange
4%
Hervé Alicarte
3%
No matching quizzes found
Score Distribution
Percent of People with Each Score
Percentile by Number Answered
Your Score History
You have not taken this quiz